000 00825nam a2200229 a 4500
005 20250213063816.0
008 150731s2012 mx r 000 0 spa d
020 _a9786077613770
035 _aUPN01000204653
049 _aCG
050 4 _aLA428.7
_bC3.3
100 1 _aCastillo Troncoso, Alberto del
_936333
245 1 3 _aLa fotografìa y la construcción de un imaginario :
_bensayo sobre el movimiento estudiantil de 1968 /
_cAlberto del Castillo Troncoso.
260 _aMéxico :
_bInstituto Mora,
_c2012.
300 _a331 p. :
_bil.
650 4 _aMovimientos estudiantiles
_zMéxico
_xHistoria
_ySiglo XX
_94249
650 4 _aEstudiantes universitarios
_xActividad política
_zMéxico
_96834
650 4 _aMasacre de Tlatelolco, 1968
_922454
650 4 _aPRENSA Y POLITICA
_91457
905 _aLibro
999 _c176754
_d176754